| 000 | 00357nam a2200121Ia 4500 | ||
|---|---|---|---|
| 008 | 210430s9999 xx 000 0 und d | ||
| 082 | _a808.02 T929 M | ||
| 100 | _aKate L. Turabian | ||
| 245 | 2 |
_aA Manual for Writers of Term Papers Theses,and Dissertations _cKate L. Turabian |
|
| 260 |
_aLondon _bChicago Press _c1996 |
||
| 300 | _a308p | ||
| 942 |
_cBK _2ddc |
||
| 999 |
_c562692 _d562692 |
||